00494pab a2200157 454500008004000000100001900040245006700059260000900126300001000135362001100145650001700156773003200173909001000205999001700215952010400232180718b1985 xxu||||| |||| 00| 0 eng d aKnox, James E. aEstablishing a public affairs office in the federal government c1985 a173-9 aSummer aOrganisation aPublic Personnel Management a14513 c14513d14513 00104070aIIPAbIIPAd2018-07-19hVolume no: 14, Issue no: 2pAR14556r2018-07-19w2018-07-19yAR